[Event "Santiago Writers Club"]
[Site "Santiago de Chile"]
[Date "2011.04.29"]
[Round "5.5"]
[White "Robledo Paredes, Eduardo"]
[Black "Rios, Maximiliano"]
[Result "0-1"]
[WhiteElo "1820"]
[BlackElo "1923"]
[PlyCount "55"]
[EventDate "2011.04.18"]
[EventType "tourn"]
[EventRounds "11"]
[EventCountry "CHI"]
[SourceTitle "EXT 2024"]
[Source "ChessBase"]
[SourceDate "2023.10.10"]
[SourceVersion "1"]
[SourceVersionDate "2023.10.10"]
[SourceQuality "1"]

1. c4 Nf6 2. Nc3 g6 3. Nf3 Bg7 4. g3 0-0 5. Bg2 d6 6. 0-0 Nc6 7. d3 e5 8. Rb1 Bg4 9. Ng5 h6 10. Nge4 Nxe4 11. Bxe4 f5 12. Bd5+ Kh7 13. b4 e4 14. b5 Qe8 15. dxe4 Bxc3 16. Qd3 Bg7 17. exf5 Bxf5 18. e4 Ne5 19. Qc2 Bh3 20. Rd1 c6 21. Bxc6 bxc6 22. Rxd6 cxb5 23. Rxb5 Rc8 24. Rb7 Rxc4 25. Qb1 Rf7 26. Rb8 Rc8 27. Rb5 Qxb5 28. Bb2 0-1